Indigene Völker Asiens - Karten Quiz - Statistiken

Allgemein
  • Dieses Quiz wurde 41 mal gespielt
  • Das Durchschnittsergebnis liegt bei 6 aus 15
Antworten auf der Karte
Die Antworten werden auf der Karte rot bzw. grün angezeigt, abhängig davon wie oft sie richtig erraten wurden.
 
Antwortstatistiken
Antwort % Korrekt
Uiguren
81%
Kurden
74%
Assyrer
70%
Ainu
59%
Jeju
56%
Paiwan
52%
Mường
41%
Palawan
41%
Veddas
33%
Penan
26%
Cham
19%
Tharu
19%
Dongria Kondh
11%
Pamiri
7%
Korowai
4%
Keine übereinstimmenden Quizze gefunden
Verteilung der Resultate
Anzahl Personen mit jedem Resultat
Perzentil nach korrekt beantworteten Fragen
Ihre Resultats-Entwicklung
Sie haben dieses Quiz noch nicht gespielt